[Event "I mi?dzynarodowy turniej szachowy"]
[Site "Jastrzebie-Zdroj"]
[Date "2018.08.22"]
[Round "6.12"]
[White "Sivcak, Matej"]
[Black "Marcinowski, Zbigniew"]
[Result "0-1"]
[BlackElo "2058"]
[WhiteElo "1720"]
[LiveChessVersion "1.4.8"]

1. e4 {[%clk 1:29:48]} e6 {[%clk 1:30:53]} 2. b3 {[%clk 1:30:06]} Nf6
{[%clk 1:29:52]} 3. Nc3 {[%clk 1:28:41]} d5 {[%clk 1:29:33]} 4. e5
{[%clk 1:28:33]} d4 {[%clk 1:21:04]} 5. Nb5 {[%clk 1:23:06]} Nfd7
{[%clk 1:14:54]} 6. Nxd4 {[%clk 1:19:42]} Nxe5 {[%clk 1:14:55]} 7. Bb2
{[%clk 1:19:37]} Ng6 {[%clk 1:12:54]} 8. Ndf3 {[%clk 1:17:11]} Nc6
{[%clk 1:07:32]} 9. Bb5 {[%clk 1:07:56]} a6 {[%clk 1:03:51]} 10. Bxc6+
{[%clk 1:06:59]} bxc6 {[%clk 1:04:17]} 11. Ne2 {[%clk 0:53:31]} Nh4
{[%clk 1:00:52]} 12. Nxh4 {[%clk 0:51:56]} Qxh4 {[%clk 1:01:14]} 13. Ng3
{[%clk 0:51:37]} Bb7 {[%clk 1:01:10]} 14. Qf3 {[%clk 0:45:31]} Qb4
{[%clk 0:56:09]} 15. a3 {[%clk 0:40:58]} Qb5 {[%clk 0:52:21]} 16. Qg4
{[%clk 0:23:03]} O-O-O {[%clk 0:49:56]} 17. O-O-O {[%clk 0:21:30]} c5
{[%clk 0:49:22]} 18. f3 {[%clk 0:20:41]} h5 {[%clk 0:45:40]} 19. Nxh5
{[%clk 0:14:44]} c4 {[%clk 0:45:18]} 20. Nxg7 {[%clk 0:15:03]} Rg8
{[%clk 0:45:21]} 21. h4 {[%clk 0:07:21]} cxb3 {[%clk 0:45:11]} 22. cxb3
{[%clk 0:00:32]} Qxb3 {[%clk 0:45:24]} 0-1

[Event "I mi?dzynarodowy turniej szachowy"]
[Site "Jastrzebie-Zdroj"]
[Date "2018.08.23"]
[Round "7.1"]
[White "Molenda, Marcin"]
[Black "Holly, Andrej"]
[Result "1-0"]
[BlackElo "1903"]
[WhiteElo "2379"]
[LiveChessVersion "1.4.8"]

1. d4 {[%clk 1:30:59]} Nf6 {[%clk 1:30:46]} 2. c4 {[%clk 1:31:25]} e6
{[%clk 1:31:03]} 3. Nf3 {[%clk 1:31:41]} b6 {[%clk 1:31:16]} 4. g3
{[%clk 1:31:55]} Bb7 {[%clk 1:31:28]} 5. Bg2 {[%clk 1:32:17]} Be7
{[%clk 1:31:19]} 6. O-O {[%clk 1:32:35]} O-O {[%clk 1:31:46]} 7. Qc2
{[%clk 1:29:52]} Be4 {[%clk 1:26:07]} 8. Qc3 {[%clk 1:23:28]} Bb7
{[%clk 1:22:51]} 9. Nbd2 {[%clk 1:23:44]} Ne4 {[%clk 1:22:49]} 10. Nxe4
{[%clk 1:23:57]} Bxe4 {[%clk 1:23:17]} 11. Ne1 {[%clk 1:10:58]} Bxg2
{[%clk 1:21:03]} 12. Nxg2 {[%clk 1:11:08]} d5 {[%clk 1:18:08]} 13. cxd5
{[%clk 1:07:12]} exd5 {[%clk 1:18:10]} 14. Bf4 {[%clk 1:07:24]} Bd6
{[%clk 1:05:15]} 15. Rac1 {[%clk 1:05:45]} c6 {[%clk 1:03:55]} 16. Rfd1
{[%clk 1:03:38]} Qe7 {[%clk 0:58:03]} 17. Qf3 {[%clk 1:00:14]} Rc8
{[%clk 0:54:50]} 18. Qxd5 {[%clk 0:59:02]} Bxf4 {[%clk 0:53:44]} 19. Nxf4
{[%clk 0:58:00]} Qf6 {[%clk 0:48:59]} 20. Qe4 {[%clk 0:52:22]} Nd7
{[%clk 0:48:26]} 21. Rc2 {[%clk 0:49:42]} Qd6 {[%clk 0:45:13]} 22. Rdc1
{[%clk 0:44:15]} c5 {[%clk 0:39:34]} 23. dxc5 {[%clk 0:42:52]} Nxc5
{[%clk 0:36:59]} 24. Qd5 {[%clk 0:42:55]} Qxd5 {[%clk 0:36:15]} 25. Nxd5
{[%clk 0:43:23]} Rd8 {[%clk 0:36:19]} 26. Nc7 {[%clk 0:42:51]} Rac8
{[%clk 0:35:16]} 27. Na6 {[%clk 0:43:05]} Ra8 {[%clk 0:34:28]} 28. Nxc5
{[%clk 0:43:30]} bxc5 {[%clk 0:34:53]} 29. Rxc5 {[%clk 0:43:55]} g6
{[%clk 0:34:52]} 30. b4 {[%clk 0:44:05]} Rab8 {[%clk 0:34:13]} 31. a3
{[%clk 0:44:24]} Rd2 {[%clk 0:34:28]} 32. Rc8+ {[%clk 0:44:31]} Rxc8
{[%clk 0:34:51]} 33. Rxc8+ {[%clk 0:44:59]} Kg7 {[%clk 0:35:16]} 34. Ra8
{[%clk 0:44:57]} Rd7 {[%clk 0:35:33]} 35. Kg2 {[%clk 0:44:29]} Kf6
{[%clk 0:35:46]} 36. Kf3 {[%clk 0:43:45]} Ke5 {[%clk 0:34:54]} 37. Ke3
{[%clk 0:44:05]} h5 {[%clk 0:34:19]} 38. Rc8 {[%clk 0:44:23]} Kf5
{[%clk 0:34:00]} 39. f3 {[%clk 0:41:18]} Ke5 {[%clk 0:34:01]} 40. b5
{[%clk 0:40:50]} Rb7 {[%clk 0:33:44]} 41. a4 {[%clk 0:41:05]} a6 {[%clk 0:33:51]}
42. bxa6 {[%clk 0:41:15]} Ra7 {[%clk 0:34:15]} 43. Rc6 {[%clk 0:41:37]} Kd5
{[%clk 0:34:32]} 44. Rb6 {[%clk 0:41:54]} Kc5 {[%clk 0:34:52]} 45. Rb7
{[%clk 0:42:04]} Rxa6 {[%clk 0:34:58]} 46. Rxf7 {[%clk 0:42:28]} 1-0

[Event "I mi?dzynarodowy turniej szachowy"]
[Site "Jastrzebie-Zdroj"]
[Date "2018.08.23"]
[Round "7.2"]
[White "Poley, Vladimir"]
[Black "Smolka, Marcin"]
[Result "0-1"]
[BlackElo "2170"]
[WhiteElo "2257"]
[LiveChessVersion "1.4.8"]

1. g3 {[%clk 1:30:58]} d5 {[%clk 1:26:03]} 2. Bg2 {[%clk 1:31:25]} e5
{[%clk 1:25:06]} 3. c3 {[%clk 1:31:12]} c6 {[%clk 1:23:29]} 4. d4
{[%clk 1:31:19]} Nd7 {[%clk 1:22:29]} 5. Nh3 {[%clk 1:31:35]} Bd6
{[%clk 1:22:06]} 6. O-O {[%clk 1:31:05]} Ngf6 {[%clk 1:21:05]} 7. f3
{[%clk 1:31:00]} O-O {[%clk 1:20:53]} 8. Nf2 {[%clk 1:28:57]} Re8
{[%clk 1:18:55]} 9. e3 {[%clk 1:28:16]} b6 {[%clk 1:14:33]} 10. Nd2
{[%clk 1:28:15]} c5 {[%clk 1:09:55]} 11. Re1 {[%clk 1:24:36]} Bb7
{[%clk 1:08:18]} 12. dxe5 {[%clk 1:24:25]} Bxe5 {[%clk 0:32:26]} 13. f4
{[%clk 1:19:06]} Bc7 {[%clk 0:32:49]} 14. c4 {[%clk 1:19:27]} Nf8
{[%clk 0:30:10]} 15. b3 {[%clk 1:16:35]} Ne4 {[%clk 0:22:05]} 16. Ndxe4
{[%clk 1:07:48]} dxe4 {[%clk 0:22:21]} 17. Qc2 {[%clk 1:08:08]} f5
{[%clk 0:22:09]} 18. Bb2 {[%clk 1:07:48]} Qe7 {[%clk 0:21:21]} 19. Bh3
{[%clk 1:04:19]} Qf7 {[%clk 0:20:07]} 20. Qc3 {[%clk 1:02:03]} Bd8
{[%clk 0:19:26]} 21. Rad1 {[%clk 0:59:56]} Bf6 {[%clk 0:18:58]} 22. Qc1
{[%clk 1:00:21]} Rad8 {[%clk 0:18:32]} 23. g4 {[%clk 1:00:01]} Ng6
{[%clk 0:17:01]} 24. Bxf6 {[%clk 0:53:31]} Qxf6 {[%clk 0:17:10]} 25. Rxd8
{[%clk 0:50:50]} Rxd8 {[%clk 0:17:33]} 26. Rd1 {[%clk 0:51:05]} Nh4
{[%clk 0:07:01]} 27. gxf5 {[%clk 0:44:05]} Nf3+ {[%clk 0:06:37]} 28. Kg2
{[%clk 0:42:25]} h5 {[%clk 0:03:09]} 29. Rxd8+ {[%clk 0:39:52]} Qxd8
{[%clk 0:03:38]} 30. Qd1 {[%clk 0:40:11]} Qe7 {[%clk 0:04:00]} 31. Kh1
{[%clk 0:40:01]} Qh4 {[%clk 0:03:29]} 32. f6 {[%clk 0:34:30]} Qxf6
{[%clk 0:03:11]} 33. Qd7 {[%clk 0:34:24]} Bc6 {[%clk 0:02:28]} 34. Qe6+
{[%clk 0:30:01]} Qxe6 {[%clk 0:01:25]} 35. Bxe6+ {[%clk 0:30:25]} Kf8
{[%clk 0:01:53]} 36. Bf5 {[%clk 0:28:52]} Nd2 {[%clk 0:02:22]} 37. Kg2
{[%clk 0:28:50]} a5 {[%clk 0:02:28]} 38. Bg6 {[%clk 0:27:57]} a4 {[%clk 0:01:50]}
39. Bxh5 {[%clk 0:25:36]} Nxb3 {[%clk 0:01:56]} 40. Nd1 {[%clk 0:22:47]} Nd2
{[%clk 0:00:46]} 41. Be2 {[%clk 0:23:00]} Nb1 {[%clk 0:00:53]} 42. Kg3
{[%clk 0:20:15]} a3 {[%clk 0:01:11]} 43. f5 {[%clk 0:20:31]} Ba4 {[%clk 0:01:04]}
44. Kf4 {[%clk 0:20:55]} Bb3 {[%clk 0:01:19]} 45. Kxe4 {[%clk 0:21:14]} Bxd1
{[%clk 0:01:37]} 46. Bxd1 {[%clk 0:20:36]} Nc3+ {[%clk 0:02:06]} 47. Kd3
{[%clk 0:20:55]} Nxd1 {[%clk 0:02:33]} 48. Kd2 {[%clk 0:20:19]} Nf2
{[%clk 0:02:41]} 49. Kc3 {[%clk 0:20:26]} Ng4 {[%clk 0:02:58]} 50. e4
{[%clk 0:20:49]} Nxh2 {[%clk 0:02:55]} 51. Kb3 {[%clk 0:21:14]} Nf3
{[%clk 0:01:55]} 52. Kxa3 {[%clk 0:21:27]} Nd2 {[%clk 0:02:15]} 53. Ka4
{[%clk 0:21:41]} Nxc4 {[%clk 0:02:27]} 54. Kb5 {[%clk 0:22:00]} Nd6+
{[%clk 0:02:46]} 55. Kxb6 {[%clk 0:22:21]} c4 {[%clk 0:03:11]} 56. Kc5
{[%clk 0:22:37]} c3 {[%clk 0:03:34]} 57. Kxd6 {[%clk 0:22:59]} c2
{[%clk 0:03:58]} 58. e5 {[%clk 0:23:22]} c1=Q {[%clk 0:04:14]} 0-1

[Event "I mi?dzynarodowy turniej szachowy"]
[Site "Jastrzebie-Zdroj"]
[Date "2018.08.23"]
[Round "7.3"]
[White "Trybus, Daniel"]
[Black "Czerw, Dawid"]
[Result "0-1"]
[BlackElo "2254"]
[WhiteElo "1736"]
[LiveChessVersion "1.4.8"]

1. e4 {[%clk 1:30:57]} c5 {[%clk 1:30:55]} 2. Nc3 {[%clk 1:31:21]} d6
{[%clk 1:30:59]} 3. f4 {[%clk 1:31:44]} Nc6 {[%clk 1:31:10]} 4. Nf3
{[%clk 1:32:07]} g6 {[%clk 1:31:35]} 5. Bc4 {[%clk 1:32:31]} Bg7 {[%clk 1:31:08]}
6. d3 {[%clk 1:32:51]} Na5 {[%clk 1:27:30]} 7. Bb5+ {[%clk 1:30:08]} Bd7
{[%clk 1:27:53]} 8. Bxd7+ {[%clk 1:30:32]} Qxd7 {[%clk 1:28:17]} 9. O-O
{[%clk 1:30:35]} Nc6 {[%clk 1:26:16]} 10. Qe1 {[%clk 1:28:26]} Nf6
{[%clk 1:12:56]} 11. a3 {[%clk 1:23:15]} Rc8 {[%clk 1:09:51]} 12. h3
{[%clk 1:14:39]} O-O {[%clk 1:04:23]} 13. Be3 {[%clk 1:14:12]} Ne8
{[%clk 1:01:14]} 14. Qh4 {[%clk 1:08:58]} f5 {[%clk 0:58:47]} 15. exf5
{[%clk 1:06:48]} gxf5 {[%clk 0:54:43]} 16. Rae1 {[%clk 1:05:18]} Nc7
{[%clk 0:52:46]} 17. Bc1 {[%clk 1:02:58]} e6 {[%clk 0:50:35]} 18. Ne2
{[%clk 0:59:36]} Bf6 {[%clk 0:46:23]} 19. Qh6 {[%clk 0:55:47]} Qf7
{[%clk 0:40:35]} 20. Ng5 {[%clk 0:38:50]} Qg6 {[%clk 0:39:40]} 21. Qxg6+
{[%clk 0:39:12]} hxg6 {[%clk 0:40:04]} 22. h4 {[%clk 0:37:58]} Rfe8
{[%clk 0:34:44]} 23. Ng3 {[%clk 0:37:05]} Nd8 {[%clk 0:28:49]} 24. c3
{[%clk 0:35:39]} Kg7 {[%clk 0:27:02]} 25. h5 {[%clk 0:35:42]} Nf7
{[%clk 0:26:09]} 26. Nf3 {[%clk 0:33:58]} Nh6 {[%clk 0:24:52]} 27. Re2
{[%clk 0:32:57]} Ng4 {[%clk 0:24:09]} 28. Rfe1 {[%clk 0:32:14]} Kf7
{[%clk 0:23:11]} 29. Ng5+ {[%clk 0:29:33]} Bxg5 {[%clk 0:23:17]} 30. fxg5
{[%clk 0:30:00]} gxh5 {[%clk 0:23:24]} 31. Nxh5 {[%clk 0:29:54]} e5
{[%clk 0:22:47]} 32. Ng3 {[%clk 0:28:05]} f4 {[%clk 0:18:29]} 33. Ne4
{[%clk 0:25:18]} Rcd8 {[%clk 0:17:47]} 34. g3 {[%clk 0:24:08]} d5
{[%clk 0:13:23]} 35. Nf2 {[%clk 0:20:53]} f3 {[%clk 0:09:50]} 36. Rd2
{[%clk 0:19:33]} Nxf2 {[%clk 0:09:50]} 37. Kxf2 {[%clk 0:19:38]} c4
{[%clk 0:06:39]} 38. dxc4 {[%clk 0:18:37]} e4 {[%clk 0:07:03]} 39. cxd5
{[%clk 0:13:54]} Rxd5 {[%clk 0:07:27]} 40. Rxd5 {[%clk 0:13:44]} Nxd5
{[%clk 0:07:56]} 41. c4 {[%clk 0:13:19]} Nb6 {[%clk 0:08:05]} 42. b3
{[%clk 0:13:36]} Nd7 {[%clk 0:07:46]} 43. Ke3 {[%clk 0:04:19]} Ne5
{[%clk 0:06:59]} 44. Rf1 {[%clk 0:03:22]} Nd3 {[%clk 0:06:34]} 45. Bd2
{[%clk 0:03:21]} Kg6 {[%clk 0:06:27]} 46. Be1 {[%clk 0:02:39]} Kxg5
{[%clk 0:06:22]} 47. Bf2 {[%clk 0:01:07]} Kg4 {[%clk 0:05:55]} 48. Bg1
{[%clk 0:00:49]} Kxg3 {[%clk 0:03:49]} 49. b4 {[%clk 0:00:54]} Kg2
{[%clk 0:03:12]} 50. Rd1 {[%clk 0:01:15]} f2 {[%clk 0:02:56]} 0-1

[Event "I mi?dzynarodowy turniej szachowy"]
[Site "Jastrzebie-Zdroj"]
[Date "2018.08.23"]
[Round "7.4"]
[White "Pilch, Roman"]
[Black "Bakalarz, Mietek"]
[Result "0-1"]
[BlackElo "2289"]
[WhiteElo "2129"]
[LiveChessVersion "1.4.8"]

1. Nf3 {[%clk 1:25:51]} Nf6 {[%clk 1:26:54]} 2. g3 {[%clk 1:25:14]} d5
{[%clk 1:20:09]} 3. Bg2 {[%clk 1:25:31]} Nc6 {[%clk 1:11:25]} 4. d4
{[%clk 1:24:34]} Bf5 {[%clk 1:09:54]} 5. O-O {[%clk 1:19:03]} e6 {[%clk 1:10:20]}
6. Nh4 {[%clk 1:17:44]} Bg4 {[%clk 1:10:16]} 7. h3 {[%clk 1:16:14]} Bh5
{[%clk 1:08:03]} 8. c3 {[%clk 1:04:31]} Ne4 {[%clk 1:03:48]} 9. Qd3
{[%clk 0:58:41]} f5 {[%clk 0:41:59]} 10. Kh2 {[%clk 0:53:36]} Bd6
{[%clk 0:40:55]} 11. f4 {[%clk 0:43:31]} g5 {[%clk 0:38:52]} 12. Nf3
{[%clk 0:41:26]} gxf4 {[%clk 0:38:08]} 13. Bxf4 {[%clk 0:32:34]} Qf6
{[%clk 0:27:54]} 14. Nfd2 {[%clk 0:29:11]} O-O-O {[%clk 0:17:57]} 15. Bxd6
{[%clk 0:28:02]} cxd6 {[%clk 0:17:02]} 16. Nxe4 {[%clk 0:26:36]} fxe4
{[%clk 0:10:11]} 17. Qe3 {[%clk 0:26:07]} Qg7 {[%clk 0:10:04]} 18. Nd2
{[%clk 0:25:18]} Ne7 {[%clk 0:09:18]} 19. g4 {[%clk 0:19:58]} Be8
{[%clk 0:07:58]} 20. Qf4 {[%clk 0:15:05]} h5 {[%clk 0:07:59]} 21. Nxe4
{[%clk 0:06:36]} dxe4 {[%clk 0:07:11]} 22. Qxe4 {[%clk 0:07:04]} Rd7
{[%clk 0:05:08]} 23. gxh5 {[%clk 0:02:40]} Rg8 {[%clk 0:04:13]} 24. Qg4
{[%clk 0:00:43]} Nf5 {[%clk 0:03:43]} 25. Qxg7 {[%clk 0:00:39]} Rdxg7
{[%clk 0:04:05]} 26. Bf3 {[%clk 0:00:52]} Ng3 {[%clk 0:01:45]} 27. Rg1
{[%clk 0:00:49]} Nxh5 {[%clk 0:02:04]} 28. Bg4 {[%clk 0:00:45]} Kd7
{[%clk 0:00:55]} 29. d5 {[%clk 0:01:14]} Nf4 {[%clk 0:01:18]} 30. c4
{[%clk 0:00:55]} Bh5 {[%clk 0:01:11]} 31. dxe6+ {[%clk 0:00:58]} Ke7
{[%clk 0:01:33]} 32. Bxh5 {[%clk 0:00:39]} Nxh5 {[%clk 0:01:01]} 33. Rxg7+
{[%clk 0:00:49]} Rxg7 {[%clk 0:01:26]} 34. Rc1 {[%clk 0:00:43]} Nf4
{[%clk 0:01:28]} 35. c5 {[%clk 0:00:35]} Rg2+ {[%clk 0:01:33]} 36. Kh1
{[%clk 0:01:04]} Rxe2 {[%clk 0:01:55]} 37. cxd6+ {[%clk 0:00:47]} Kxd6
{[%clk 0:02:12]} 38. Rc4 {[%clk 0:00:35]} Nxe6 {[%clk 0:01:05]} 0-1

[Event "I mi?dzynarodowy turniej szachowy"]
[Site "Jastrzebie-Zdroj"]
[Date "2018.08.23"]
[Round "7.5"]
[White "Helis, Tadeusz"]
[Black "Drozniak, Stanislaw"]
[Result "1-0"]
[BlackElo "2062"]
[WhiteElo "2166"]
[LiveChessVersion "1.4.8"]

1. e4 {[%clk 1:30:55]} c5 {[%clk 1:30:51]} 2. Nc3 {[%clk 1:31:21]} a6
{[%clk 1:31:05]} 3. g3 {[%clk 1:31:10]} b5 {[%clk 1:31:29]} 4. Bg2
{[%clk 1:31:32]} Bb7 {[%clk 1:31:55]} 5. d3 {[%clk 1:31:45]} e6 {[%clk 1:32:17]}
6. Nh3 {[%clk 1:30:05]} Nf6 {[%clk 1:31:23]} 7. O-O {[%clk 1:30:30]} d6
{[%clk 1:26:35]} 8. f4 {[%clk 1:30:21]} d5 {[%clk 1:24:05]} 9. e5
{[%clk 1:21:55]} Nfd7 {[%clk 1:24:25]} 10. f5 {[%clk 1:13:07]} b4
{[%clk 1:07:49]} 11. fxe6 {[%clk 1:12:21]} fxe6 {[%clk 1:07:28]} 12. Qf3
{[%clk 1:01:26]} Qe7 {[%clk 0:54:33]} 13. Bg5 {[%clk 0:59:26]} Nxe5
{[%clk 0:54:53]} 14. Qh5+ {[%clk 0:55:35]} g6 {[%clk 0:55:17]} 15. Qe2
{[%clk 0:54:58]} Qc7 {[%clk 0:55:38]} 16. Bf6 {[%clk 0:55:00]} Bg7
{[%clk 0:56:01]} 17. Ng5 {[%clk 0:53:09]} Bc8 {[%clk 0:53:53]} 18. Nxd5
{[%clk 0:45:15]} exd5 {[%clk 0:53:42]} 19. Bxg7 {[%clk 0:45:41]} Qxg7
{[%clk 0:53:42]} 20. Rf7 {[%clk 0:45:31]} 1-0

[Event "I mi?dzynarodowy turniej szachowy"]
[Site "Jastrzebie-Zdroj"]
[Date "2018.08.23"]
[Round "7.6"]
[White "Raszka, Janusz"]
[Black "Horvath, Tomas"]
[Result "1/2-1/2"]
[BlackElo "1962"]
[WhiteElo "2140"]
[LiveChessVersion "1.4.8"]

1. d4 {[%clk 1:30:52]} Nf6 {[%clk 1:30:27]} 2. c4 {[%clk 1:31:06]} e5
{[%clk 1:29:03]} 3. d5 {[%clk 1:29:48]} Bc5 {[%clk 1:28:52]} 4. Nc3
{[%clk 1:28:47]} d6 {[%clk 1:27:38]} 5. e3 {[%clk 1:28:27]} O-O {[%clk 1:26:58]}
6. Nf3 {[%clk 1:26:22]} Bg4 {[%clk 1:23:38]} 7. h3 {[%clk 1:26:09]} Bh5
{[%clk 1:23:18]} 8. Be2 {[%clk 1:24:56]} Nbd7 {[%clk 1:21:20]} 9. a3
{[%clk 1:22:02]} a5 {[%clk 1:20:18]} 10. e4 {[%clk 1:21:53]} h6 {[%clk 1:16:55]}
11. g4 {[%clk 1:19:43]} Bg6 {[%clk 1:16:56]} 12. g5 {[%clk 1:19:25]} hxg5
{[%clk 1:12:38]} 13. Bxg5 {[%clk 1:19:40]} Qb8 {[%clk 1:12:23]} 14. Qd3
{[%clk 1:17:12]} Nh5 {[%clk 1:08:22]} 15. Nh4 {[%clk 1:16:02]} Nf4
{[%clk 1:00:36]} 16. Qg3 {[%clk 1:15:15]} Qe8 {[%clk 0:55:12]} 17. Rg1
{[%clk 1:12:49]} Kh7 {[%clk 0:51:54]} 18. Bxf4 {[%clk 1:08:00]} exf4
{[%clk 0:52:13]} 19. Qxf4 {[%clk 1:08:19]} Bd4 {[%clk 0:47:27]} 20. Rc1
{[%clk 1:01:11]} Nc5 {[%clk 0:46:00]} 21. Nxg6 {[%clk 1:00:12]} fxg6
{[%clk 0:45:46]} 22. Qh4+ {[%clk 1:00:30]} Kg8 {[%clk 0:46:06]} 23. Rg2
{[%clk 1:00:38]} Bxc3+ {[%clk 0:39:02]} 24. Rxc3 {[%clk 1:00:46]} Qxe4
{[%clk 0:39:21]} 25. Qxe4 {[%clk 1:00:41]} Nxe4 {[%clk 0:39:47]} 26. Re3
{[%clk 1:00:55]} Rae8 {[%clk 0:39:40]} 27. Rxg6 {[%clk 1:00:38]} Nc5
{[%clk 0:38:50]} 28. Rgg3 {[%clk 0:59:42]} Ne4 {[%clk 0:33:56]} 29. Rgf3
{[%clk 0:58:54]} Ng5 {[%clk 0:34:00]} 30. Rxf8+ {[%clk 0:59:07]} Kxf8
{[%clk 0:34:24]} 31. Bg4 {[%clk 0:58:08]} Rxe3+ {[%clk 0:33:50]} 32. fxe3
{[%clk 0:58:24]} Kf7 {[%clk 0:34:12]} 33. Kd2 {[%clk 0:58:02]} Kf6
{[%clk 0:34:14]} 34. Kc3 {[%clk 0:57:48]} Ne4+ {[%clk 0:33:25]} 35. Kd4
{[%clk 0:57:44]} Nf2 {[%clk 0:32:11]} 36. Bc8 {[%clk 0:56:54]} g5
{[%clk 0:28:30]} 37. e4 {[%clk 0:47:41]} b6 {[%clk 0:24:50]} 38. b3
{[%clk 0:47:54]} Nh1 {[%clk 0:22:44]} 39. Bf5 {[%clk 0:43:48]} Ng3
{[%clk 0:17:57]} 40. Bg4 {[%clk 0:39:39]} Nf1 {[%clk 0:17:26]} 41. Bd1
{[%clk 0:37:01]} Ng3 {[%clk 0:14:51]} 42. b4 {[%clk 0:35:38]} axb4
{[%clk 0:14:07]} 43. axb4 {[%clk 0:35:58]} Nf1 {[%clk 0:14:18]} 44. Bf3
{[%clk 0:33:57]} Ng3 {[%clk 0:12:38]} 45. Bg4 {[%clk 0:20:01]} Nf1
{[%clk 0:12:28]} 46. c5 {[%clk 0:19:56]} bxc5+ {[%clk 0:12:10]} 47. bxc5
{[%clk 0:20:17]} Nd2 {[%clk 0:10:11]} 48. cxd6 {[%clk 0:19:09]} cxd6
{[%clk 0:10:41]} 49. Bd1 {[%clk 0:18:14]} Nf1 {[%clk 0:10:22]} 50. Be2
{[%clk 0:18:15]} Nd2 {[%clk 0:09:30]} 51. Bg4 {[%clk 0:17:18]} Nb3+
{[%clk 0:09:32]} 52. Ke3 {[%clk 0:16:49]} Ke5 {[%clk 0:09:50]} 53. Bf5 1/2-1/2

[Event "I mi?dzynarodowy turniej szachowy"]
[Site "Jastrzebie-Zdroj"]
[Date "2018.08.23"]
[Round "7.7"]
[White "Tymrakiewicz, Rafal"]
[Black "Galuszka, Tomasz"]
[Result "0-1"]
[BlackElo "2022"]
[WhiteElo "2192"]
[LiveChessVersion "1.4.8"]

1. d4 {[%clk 1:27:11]} d5 {[%clk 1:30:44]} 2. Bf4 {[%clk 1:27:37]} Nf6
{[%clk 1:31:07]} 3. e3 {[%clk 1:28:03]} c5 {[%clk 1:31:30]} 4. c3
{[%clk 1:25:08]} Nc6 {[%clk 1:31:54]} 5. Nd2 {[%clk 1:24:39]} cxd4
{[%clk 1:32:19]} 6. exd4 {[%clk 1:25:00]} Bf5 {[%clk 1:31:22]} 7. Ngf3
{[%clk 1:23:56]} e6 {[%clk 1:31:19]} 8. Be2 {[%clk 1:18:03]} Bd6 {[%clk 1:30:04]}
9. Bxd6 {[%clk 1:10:32]} Qxd6 {[%clk 1:30:26]} 10. Nh4 {[%clk 1:10:47]} Be4
{[%clk 1:24:57]} 11. O-O {[%clk 1:00:50]} O-O-O {[%clk 1:19:20]} 12. f3
{[%clk 0:52:51]} Bf5 {[%clk 1:13:58]} 13. b4 {[%clk 0:51:47]} Ne7
{[%clk 1:07:40]} 14. Re1 {[%clk 0:41:22]} Qf4 {[%clk 0:58:38]} 15. Nxf5
{[%clk 0:37:22]} Nxf5 {[%clk 0:55:56]} 16. Bd3 {[%clk 0:35:01]} Nxd4
{[%clk 0:54:39]} 17. g3 {[%clk 0:35:08]} Qxd2 {[%clk 0:55:03]} 18. cxd4
{[%clk 0:35:04]} Qxd1 {[%clk 0:51:28]} 19. Rexd1 {[%clk 0:34:12]} Kb8
{[%clk 0:48:39]} 20. g4 {[%clk 0:29:00]} h6 {[%clk 0:46:40]} 21. h4
{[%clk 0:24:46]} Rc8 {[%clk 0:44:18]} 22. Kf2 {[%clk 0:16:01]} Kc7
{[%clk 0:40:40]} 23. Ke2 {[%clk 0:13:51]} Kd6 {[%clk 0:40:51]} 24. Kd2
{[%clk 0:13:35]} Nd7 {[%clk 0:40:05]} 25. Rac1 {[%clk 0:10:48]} Rxc1
{[%clk 0:37:36]} 26. Rxc1 {[%clk 0:11:05]} Nb8 {[%clk 0:36:59]} 27. b5
{[%clk 0:08:13]} Kd7 {[%clk 0:34:49]} 28. Rc3 {[%clk 0:08:18]} a5
{[%clk 0:30:21]} 29. bxa6 {[%clk 0:05:00]} Nxa6 {[%clk 0:30:38]} 30. Bxa6
{[%clk 0:03:29]} bxa6 {[%clk 0:31:03]} 31. Rb3 {[%clk 0:03:09]} Kc7
{[%clk 0:29:46]} 32. Rc3+ {[%clk 0:02:01]} Kb7 {[%clk 0:30:10]} 33. Rb3+
{[%clk 0:01:26]} Ka7 {[%clk 0:30:19]} 34. Rc3 {[%clk 0:00:58]} Rb8
{[%clk 0:27:39]} 35. Rc7+ {[%clk 0:00:37]} Rb7 {[%clk 0:28:04]} 36. Rc8
{[%clk 0:00:58]} Re7 {[%clk 0:26:15]} 37. f4 {[%clk 0:00:33]} Kb6
{[%clk 0:25:05]} 38. Rg8 {[%clk 0:00:36]} f6 {[%clk 0:25:24]} 39. Kd3
{[%clk 0:00:33]} Kb5 {[%clk 0:25:29]} 40. Rb8+ {[%clk 0:00:41]} Ka4
{[%clk 0:25:24]} 41. Rb2 {[%clk 0:00:48]} a5 {[%clk 0:23:15]} 42. Re2
{[%clk 0:00:41]} Kb4 {[%clk 0:21:43]} 43. f5 {[%clk 0:00:33]} e5 {[%clk 0:21:59]}
44. dxe5 {[%clk 0:00:45]} fxe5 {[%clk 0:21:58]} 45. Rb2+ {[%clk 0:00:33]} Kc5
{[%clk 0:21:43]} 46. Rc2+ {[%clk 0:00:44]} Kd6 {[%clk 0:20:44]} 47. Rb2
{[%clk 0:00:53]} Rc7 {[%clk 0:12:21]} 48. Rb6+ {[%clk 0:01:01]} Kc5
{[%clk 0:12:45]} 49. Ra6 {[%clk 0:01:01]} e4+ {[%clk 0:12:44]} 50. Ke3
{[%clk 0:01:21]} Kb5 {[%clk 0:12:13]} 51. Rd6 {[%clk 0:00:33]} Rc3+
{[%clk 0:11:30]} 52. Ke2 {[%clk 0:00:31]} Kc5 {[%clk 0:11:25]} 53. Rd7
{[%clk 0:00:58]} Kd4 {[%clk 0:10:51]} 54. Rxg7 {[%clk 0:01:20]} Rc2+
{[%clk 0:11:08]} 55. Kd1 {[%clk 0:01:40]} Rf2 {[%clk 0:10:48]} 56. Re7
{[%clk 0:00:35]} Kd3 {[%clk 0:10:59]} 57. Ke1 {[%clk 0:00:59]} Rf4
{[%clk 0:10:55]} 58. g5 {[%clk 0:00:35]} hxg5 {[%clk 0:11:06]} 59. hxg5
{[%clk 0:00:46]} Rxf5 {[%clk 0:11:27]} 60. g6 {[%clk 0:01:15]} Rg5
{[%clk 0:11:48]} 61. g7 {[%clk 0:01:35]} Ke3 {[%clk 0:12:00]} 62. Kf1
{[%clk 0:00:59]} d4 {[%clk 0:12:22]} 63. a4 {[%clk 0:00:35]} d3 {[%clk 0:11:16]}
64. Rd7 {[%clk 0:00:32]} Kd2 {[%clk 0:11:26]} 65. Rb7 {[%clk 0:00:36]} e3
{[%clk 0:11:19]} 66. Rb2+ {[%clk 0:01:05]} Kc3 {[%clk 0:11:38]} 67. Rg2
{[%clk 0:00:37]} e2+ {[%clk 0:12:00]} 68. Kf2 {[%clk 0:00:32]} e1=Q+
{[%clk 0:12:19]} 69. Kxe1 {[%clk 0:00:34]} Rxg2 {[%clk 0:12:42]} 70. g8=Q
{[%clk 0:00:43]} Rxg8 {[%clk 0:13:04]} 0-1